000 01579nam0a22002771 4500
001 rc\4617178
005 20260408021004.0
021 _aRU
_b[64-33676]
035 _a(NLR Aleph) 008672979
090 _a9131479
_c9131479
100 _a20130416d1964 |||y0rusy50 ca
101 0 _arus
102 _aRU
105 _ay z |||||
200 1 _aПоложение о группах натурных наблюдений за состоянием гидротехнических сооружений во время строительства и в период эксплуатации
_e[ВСН-03-64/ГПКЭ и Э СССР]
_eУтв. Техн. упр. по строительству электростанций и сетей ГПКЭ и Э СССР [14/II 1964 г.
_eСрок введения февр. 1964 г.]
_fГос. произв. ком. по энергетике и электрификации СССР. Главэнергопроект
210 _aМосква
_aЛенинград
_cЭнергия
_d1964
215 _a7 с.
_d22
300 _aНа 3-й с. сост.: канд. техн. наук В.В. Блинков
606 _aГидротехнические сооружения
_xИсследование
_2psbo
702 1 _aБлинков
_bВ.В.
_4220
710 0 1 _aСССР
_bТехническое управление по строительству электростанций и сетей
_3RU\NLR\AUTH\8810180694
_9857810
801 0 _aRU
_bNLR
_gpsbo
801 1 _aRU
_bELAR
_2rusmarc
852 _aNLR
_jПт 80/221-03-64
942 _cBOOK
980 _aNB